header

Biomedical vibrational spectroscopy (Record no. 77342)

MARC details
000 -LEADER
fixed length control field 01239nam a2200325Ia 4500
245 00 - TITLE STATEMENT
Title Biomedical vibrational spectroscopy
260 ## - PUBLICATION, DISTRIBUTION, ETC. (IMPRINT)
Place of publication Hoboken, N.J. :
Name of publisher John Wiley & Sons,
Year of publication c2008.
300 ## - PHYSICAL DESCRIPTION
Number of Pages xvi, 385 p. :
Other physical details ill.
650 #0 - SUBJECT ADDED ENTRY--TOPICAL TERM
Topical Term Diagnostic imaging.
Topical Term Infrared spectroscopy.
Topical Term Raman spectroscopy.
700 1# - ADDED ENTRY--PERSONAL NAME
Personal name Kneipp, Janina.
Personal name Lasch, Peter.
856 40 - ELECTRONIC LOCATION AND ACCESS
Uniform Resource Identifier http://site.ebrary.com/lib/rucke/Doc?id=10296489

No items available.

© 2026 Rongo University
Contact us: librarian | system librarian | Rongo university